| 000 | 00421nam a2200169Ia 4500 | ||
|---|---|---|---|
| 008 | 221030s9999 xx 000 0 und d | ||
| 020 | _a8175153342 | ||
| 041 | _aEnglish | ||
| 082 |
_a105.23 _bSha |
||
| 100 | _aG. C. Sharma | ||
| 245 | 0 |
_aEngineering Mathematics _cby G. C. Sharma, M. Jain |
|
| 260 |
_bGalgotia Pub _aNew Delhi _c2000 |
||
| 300 | _a1410 | ||
| 650 | _aBE Mathematics | ||
| 700 | _aM. Jain | ||
| 942 | _cBK | ||
| 999 |
_c8234 _d8234 |
||